Statistics for Greys Anatomy Characters - Easy

Click here to take the quiz!

General Stats

  • This quiz has been taken 114 times
  • The average score is 13 of 16

Answer Stats

Answer% Correct
Meredith Grey
100%
Cristina Yang
96%
Alex Karev
90%
George O'Malley
86%
Izzie Stevens
86%
Mark Sloan
86%
Lexie Grey
85%
Miranda Bailey
85%
Owen Hunt
85%
Callie Torres
81%
Jackson Avery
80%
Jo Wilson
79%
Preston Burke
74%
Teddy Altman
74%
Derek Shepard
58%
Amelia Shepard
48%

Score Distribution

Percentile by Number Answered

Percent of People with Each Score

Your Score History

You have not taken this quiz